Actas del II congreso internacional y V iberoamericano de derecho romano: los derechos reales
Guardat en:
| Autor principal: | |
|---|---|
| Format: | Llibre |
| Idioma: | espanyol |
| Publicat: |
Madrid
Edisofer
2001
|
| Matèries: | |
| Etiquetes: |
Afegir etiqueta
Sense etiquetes, Sigues el primer a etiquetar aquest registre!
|
MARC
| LEADER | 00000nam a2200000 a 4500 | ||
|---|---|---|---|
| 001 | UCM0124 | ||
| 003 | CL-VaPUC | ||
| 005 | 20220719103741.0 | ||
| 008 | 020125e20010000sp 1 spa d | ||
| 082 | 0 | 4 | |a 340.54 |b TOR |2 21 |
| 100 | 1 | |a Torrent Ruiz, Armando |e author |9 620054 | |
| 245 | 1 | 0 | |a Actas del II congreso internacional y V iberoamericano de derecho romano: los derechos reales |
| 260 | |a Madrid |b Edisofer |c 2001 | ||
| 300 | |a 934 p | ||
| 583 | |a last modification |c 20020125 00:00:00 |k Rodrigo Vera | ||
| 650 | 0 | 0 | |a Derecho romano |9 255930 |
| 650 | 0 | 0 | |a Derechos reales |9 257708 |
| 650 | 0 | 0 | |a Propiedad |9 255268 |
| 650 | 0 | 0 | |a Posesión |9 258681 |
| 650 | 0 | 7 | |a SERVIDUMBRES |2 CL-VaPUC |9 256762 |
| 650 | 0 | 0 | |a Usufructo |9 256763 |
| 650 | 0 | 0 | |a Derechos reales de Garantía |9 487159 |
| 942 | |c BK | ||
| 945 | |a vberengu |d 20020125 00:00:00 | ||
| 546 | |a En Español | ||
| 536 | |a Asociación Iberoamericana de Derecho Romano | ||
| 518 | |p Congreso Internacional de Derecho Romano, 2 | ||
| 518 | |p Congreso Iberoamericano de Derecho Romano, 5, Oviedo, 8 de septiembre de 1999 | ||
| 999 | |c 383743 |d 383741 | ||
| 952 | |0 0 |1 0 |4 0 |6 340_540000000000000_TOR_2001 |7 0 |8 DER_ROM |9 505984 |a BIBDER |b BIBDER |d 2020-01-23 |i 3789500 |o 340.54 TOR 2001 |p 3789500 |r 2023-01-25 |w 2020-01-23 |x Ubicación 4to piso |y BK |z Este recurso debe solicitarse con anticipación |k DER | ||